International financial reporting standards (IFRSs) 2005. (Record no. 5876)
[ view plain ]
| 000 -LEADER | |
|---|---|
| fixed length control field | 00608cam a22002052 4500 |
| 001 - CONTROL NUMBER | |
| control field | 0000002480 |
| 005 - DATE AND TIME OF LATEST TRANSACTION | |
| control field | 20151217151855.0 |
| 008 - FIXED-LENGTH DATA ELEMENTS--GENERAL INFORMATION | |
| fixed length control field | 070411s xx 000 0 eng d |
| 020 ## - INTERNATIONAL STANDARD BOOK NUMBER | |
| International Standard Book Number | 1904230792 : |
| Terms of availability | GBP 60 |
| 040 ## - CATALOGING SOURCE | |
| Original cataloging agency | KABU |
| Transcribing agency | KABU |
| 050 #0 - LIBRARY OF CONGRESS CALL NUMBER | |
| Classification number | HF5626 |
| Item number | .I58 2005 |
| 245 10 - TITLE STATEMENT | |
| Title | International financial reporting standards (IFRSs) 2005. |
| 260 ## - PUBLICATION, DISTRIBUTION, ETC. (IMPRINT) | |
| Place of publication, distribution, etc. | London : |
| Name of publisher, distributor, etc. | IASB, |
| Date of publication, distribution, etc. | 2005. |
| 300 ## - PHYSICAL DESCRIPTION | |
| Extent | 2805 p. |
| 650 #0 - SUBJECT ADDED ENTRY--TOPICAL TERM | |
| Topical term or geographic name as entry element | Financial statements |
| General subdivision | standards. |
| -- | 0000151844 |
| 650 #0 - SUBJECT ADDED ENTRY--TOPICAL TERM | |
| Topical term or geographic name as entry element | Accounting |
| General subdivision | standards. |
| -- | 0000151845 |
| 908 ## - PUT COMMAND PARAMETER (RLIN) | |
| Put command parameter | 070411 |
| 950 ## - LOCAL HOLDINGS (RLIN) | |
| -- | 1 |
| Withdrawn status | Lost status | Source of classification or shelving scheme | Not for loan | Home library | Current library | Date acquired | Total Checkouts | Total Renewals | Full call number | Barcode | Date last seen | Date last checked out | Price effective from | Koha item type |
|---|---|---|---|---|---|---|---|---|---|---|---|---|---|---|
| Library of Congress Classification | Kabarak, Main Campus | Kabarak, Main Campus | 17/12/2015 | 8 | 1 | HF5626 .I58 2005 | 010092 | 02/08/2024 | 28/06/2022 | 17/12/2015 | General Collection |